5HLuxD.jpg

KING HENRY VIII SENIOR AND PRIMARY SCHOOL LIBRARY OPAC

George and the Noisy Baby / (Record no. 2381)

000 -LEADER
fixed length control field 00772nam a22002297a 4500
005 - DATE AND TIME OF LATEST TRANSACTION
control field 20230503084345.0
008 - FIXED-LENGTH DATA ELEMENTS--GENERAL INFORMATION
fixed length control field 230503b ||||| |||| 00| 0 eng d
020 ## - INTERNATIONAL STANDARD BOOK NUMBER
International Standard Book Number 9780241274064
040 ## - CATALOGING SOURCE
Transcribing agency KH8
082 ## - DEWEY DECIMAL CLASSIFICATION NUMBER
Classification number 823.92 AST
100 ## - MAIN ENTRY--PERSONAL NAME
Personal name Astley, Neville
Relator term Author
245 ## - TITLE STATEMENT
Title George and the Noisy Baby /
Statement of responsibility, etc. Neville Astley
260 ## - PUBLICATION, DISTRIBUTION, ETC.
Place of publication, distribution, etc. London,
Name of publisher, distributor, etc. Ladybird,
Date of publication, distribution, etc. 2003
300 ## - PHYSICAL DESCRIPTION
Extent 24 unnumbered pages :
Other physical details chiefly color illustrations ;
Dimensions 25 cm
440 ## - SERIES STATEMENT/ADDED ENTRY--TITLE
Title Peppa Pig
521 ## - TARGET AUDIENCE NOTE
Target audience note "Based on the TV series Peppa Pig."<br/>"Peppa Pig is created by Neville Astley and Mark Baker."
650 ## - SUBJECT ADDED ENTRY--TOPICAL TERM
Topical term or geographic name entry element Bruit Romans, nouvelles, etc. pour la jeunesse
Form subdivision Fiction
650 ## - SUBJECT ADDED ENTRY--TOPICAL TERM
Topical term or geographic name entry element Infants
650 ## - SUBJECT ADDED ENTRY--TOPICAL TERM
Topical term or geographic name entry element Infants Juvenile fiction
700 ## - ADDED ENTRY--PERSONAL NAME
Personal name Mark Baker
Relator term Creator
942 ## - ADDED ENTRY ELEMENTS (KOHA)
Source of classification or shelving scheme
Koha item type Books - Fiction
Holdings
Withdrawn status Lost status Source of classification or shelving scheme Damaged status Not for loan Collection code Permanent Location Current Location Shelving location Date acquired Total Checkouts Full call number Barcode Date last seen Date last checked out Price effective from Koha item type
          Fiction KH8 Primary School Library KH8 Primary School Library Non Fiction 2023-05-03 8 823.92 AST KHPL000004129 2025-12-05 2023-11-28 2023-05-03 Books - Fiction

Powered By KH8 IT Dept